000 01042nam a22002537a 4500
005 20170124103040.0
010 _aA-397381
020 _c25.00
035 _aA-397381
037 _bCen Lib/Ret
040 _aDPL
_bHN
082 _a
_bभंडारी
100 _aभंडारी, सुदर्शन
_967033
245 _aविकल्पहीन /
_cसुदर्शन भंडारी
246 _aVikalpheen /
_bby Sudarshan SIngh
260 _bबुक्स एंड बुक्स
_aनई दिल्ली
_c1987
270 _bनई दिल्ली
_aसी-४०३, सोम विहार आर.के.पुरम
_e110022
300 _a121पृ.
_c16सेमी(सजिल्द )
650 _a हिंदी साहित्य
_x
_z
_967034
650 _a हिंदी साहित्य
_xउपन्यास
_942619
650 _aHindi literature
_967035
650 _aHindi literature
_xFiction
_967036
942 _2ddc
_cHN
_h
_mभंडारी
999 _c116536
_d116536